00441 2200169 4500001002100000005001500021035002000036245006500056100001900121250002000140300001100160260004200171082000800213084001400221020002100235600001500256INLIS00000000000056720221201092922 a0010-12220000011 aPencegahan Covid-19 Dalam Perspektif Islam /cRidwan Ibrahim0 aRidwan Ibrahim acetakan pertama a64 hlm aYogyakarta :bPale Media Prima,c2020 a500 a500 RID p a978-623-9967-7-2 4apendidikan